01099nab a22002657a 4500003000400000005001700004008004100021040000700062100002000069245010500089260007300194300001300267500003700280505011300317505008100430650001800511650001800529650001600547650003200563650002900595650001800624650001900642650002300661773014900684OSt20260213114853.0190429b xxu||||| |||| 00| 0 spa d cPJ aZottig, Gustavo13aEl Código Procesal Penal Federal, hacia un nuevo paradigma en el proceso penal /cGustavo Zottig. cCiudad Autónoma de Buenos Aires :aThomson Reuters La Ley, b2024. ap. 27-45 aCita: TR LALEY AR/DOC/1092/2024. aSumario: I. Introducción.— II. Doctrina.— III. Experiencias locales y regionales.— IV. Conclusión. tSi te interesa el texto completo, solicitalo a koha@justierradelfuego.gov.ar 0aDERECHO PENAL 0aPROCESO PENAL 0aJUICIO ORAL 0aMINISTERIO PÚBLICO FISCAL 0aDERECHOS DE LA VÍCTIMA 0aINSTRUCCIÓN 0aACCIÓN PENAL 0aCARGA DE LA PRUEBA0 02658tRevista de derecho penal y criminología. Nº 7 - Junio 2024dCiudad Autónoma de Buenos Aires : Thomson Reuters La Ley, 2017-x00347914